000 00884nam a2200241Ia 4500
999 _c36058
_d36058
001 1958
003 GE_BSU
005 20221010120046.0
008 181216s2005ru xx |||||||||||||| ||rus||
040 _cGE_BSU
041 _arus
080 _a351.354(075.8) И-26
100 _aИгнатов, В.В.
_915178
245 _aМестное самоуправление :
_bУчебное пособие для студ. вузов. /
_c В.В. Игнатов, В.В. Рудой.
250 _aИзд. 3-ье, перераб. и доп.
264 _aРостов :
_bРостов-на Дону,
_c2005.
300 _a480 с.
_b19 см.
653 _aМестное самоуправление
653 _aᲐდგილობრივი მმართველობა
653 _aსამართალი
700 _aРудой,В.В.
_915179
942 _cBK
_2udc